MARC details
| 000 -LEADER |
| fixed length control field |
01387cam a2200373 a 4500 |
| 001 - CONTROL NUMBER |
| control field |
3084563 |
| 003 - CONTROL NUMBER IDENTIFIER |
| control field |
BDDh-ASL |
| 005 - DATE AND TIME OF LATEST TRANSACTION |
| control field |
20231015030302.0 |
| 008 - FIXED-LENGTH DATA ELEMENTS--GENERAL INFORMATION |
| fixed length control field |
971128s1996 bg 000 0 eng |
| 010 ## - LIBRARY OF CONGRESS CONTROL NUMBER |
| LC control number |
97902277 |
| 025 ## - OVERSEAS ACQUISITION NUMBER |
| Overseas acquisition number |
B-E-97-902277; 20 |
| 040 ## - CATALOGING SOURCE |
| Original cataloging agency |
DLC |
| Transcribing agency |
DLC |
| Modifying agency |
BDDh-ASL |
| 041 0# - LANGUAGE CODE |
| Language code of text/sound track or separate title |
engben |
| 042 ## - AUTHENTICATION CODE |
| Authentication code |
lcode |
| 043 ## - GEOGRAPHIC AREA CODE |
| Geographic area code |
a-ii--- |
| -- |
a-bg--- |
| 050 00 - LIBRARY OF CONGRESS CALL NUMBER |
| Classification number |
LA2383.I42 |
| Item number |
H86 1996 |
| 082 00 - DEWEY DECIMAL CLASSIFICATION NUMBER |
| Classification number |
923.37092 |
| Edition number |
21 |
| Item number |
AZB |
| 100 1# - MAIN ENTRY--PERSONAL NAME |
| Personal name |
Huque, Azizul, |
| Titles and words associated with a name |
Sir, |
| Dates associated with a name |
1892-1947. |
| 245 10 - TITLE STATEMENT |
| Title |
Azizul Huque, a biographical account of his life and work / |
| Statement of responsibility, etc. |
compiled by Shahanara Alam and Husniara Huq. |
| 250 ## - EDITION STATEMENT |
| Edition statement |
1st ed. |
| 260 ## - PUBLICATION, DISTRIBUTION, ETC. |
| Place of publication, distribution, etc. |
Dhaka : |
| Name of publisher, distributor, etc. |
S. Alam & H. Huq, |
| Date of publication, distribution, etc. |
1996. |
| 300 ## - PHYSICAL DESCRIPTION |
| Extent |
399 p. : |
| Other physical details |
ill. ; |
| Dimensions |
23 cm. |
| 500 ## - GENERAL NOTE |
| General note |
Companion volume to: M. Azizul Huque, life sketch and selected writings. |
| 520 ## - SUMMARY, ETC. |
| Summary, etc. |
Comprises writings, chiefly on education, transcript of addresses, and correspondences by an educationist from Bengal. |
| 546 ## - LANGUAGE NOTE |
| Language note |
Correspondences in Bengali and English. |
| 600 10 - SUBJECT ADDED ENTRY--PERSONAL NAME |
| Personal name |
Huque, Azizul, |
| Titles and other words associated with a name |
Sir, |
| Dates associated with a name |
1892-1947. |
| 650 #0 - SUBJECT ADDED ENTRY--TOPICAL TERM |
| Topical term or geographic name entry element |
Educators |
| Geographic subdivision |
India |
| -- |
Bengal |
| General subdivision |
Biography. |
| 700 1# - ADDED ENTRY--PERSONAL NAME |
| Personal name |
Huq, Husniara. |
| 700 1# - ADDED ENTRY--PERSONAL NAME |
| Personal name |
Alam, Shahanara. |
| 700 1# - ADDED ENTRY--PERSONAL NAME |
| Personal name |
Huque, Azizul, |
| Titles and other words associated with a name |
Sir, |
| Dates associated with a name |
1892-1947. |
| Title of a work |
M. Azizul Huque, life sketch and selected writings. |
| 906 ## - LOCAL DATA ELEMENT F, LDF (RLIN) |
| a |
7 |
| b |
cbc |
| c |
origode |
| d |
3 |
| e |
ncip |
| f |
19 |
| g |
y-gencatlg |
| 942 ## - ADDED ENTRY ELEMENTS (KOHA) |
| Source of classification or shelving scheme |
Dewey Decimal Classification |
| Koha item type |
Books |